000
00364nam a2200157Ia 4500
008
151213s9999 xx 000 0 und d
100
_a
A. B. Sarder
245
_a
William Words Worth
_c
A. B. Sarder
250
_a
1st
260
_a
Dhaka
_b
J.U.C.
_c
1999
300
_a
4342 p.
650
_a
English
650
_a
History
700
_a
A. B. Sarder
999
_c
2756
_d
2756